logo

Bir Sreshtho Munshi Abdur Rouf Library
Jhenaidah Cadet College

Ways to writing : (Record no. 9354)

MARC details
000 -LEADER
fixed length control field 00891cam a2200313 a 4500
001 - CONTROL NUMBER
JCCL Control Number 9354
003 - CONTROL NUMBER IDENTIFIER
JCCL marc code BD-JhCC
005 - DATE AND TIME OF LATEST TRANSACTION
control field 20180313105053.0
008 - FIXED-LENGTH DATA ELEMENTS--GENERAL INFORMATION
fixed length control field 910314s1992 nyua 001 0 eng
020 ## - INTERNATIONAL STANDARD BOOK NUMBER
International Standard Book Number 0024156515
035 ## - SYSTEM CONTROL NUMBER
system control number (BD-JhCC)9354
040 ## - CATALOGING SOURCE
Original cataloging agency DLC
Transcribing agency DLC
Modifying agency DLC
-- BD-JhCC
041 ## - LANGUAGE CODE
Language code of Book eng
050 00 - LIBRARY OF CONGRESS CALL NUMBER
Classification number PE1408
Item number .S684 1992
082 00 - DEWEY DECIMAL CLASSIFICATION NUMBER
Classification number 808/.042
DDC Edition number 20
Author mark and Year STA 1992
100 1# - MAIN ENTRY--PERSONAL NAME
Personal name Stanley, Linda,
Dates associated with a name 1940-
245 10 - TITLE STATEMENT
Title Ways to writing :
Remainder of title purpose, task, and process /
Statement of responsibility, etc Linda C. Stanley, David Shimkin, Allen H. Lanner.
250 ## - EDITION STATEMENT
Edition statement 3rd ed.
260 ## - PUBLICATION, DISTRIBUTION, ETC. (IMPRINT)
Place of publication, distribution, etc New York :
Name of publisher, distributor, etc Macmillan,
Date of publication, distribution, etc c1992.
300 ## - PHYSICAL DESCRIPTION
Pagination xxvi, 629 p. :
Other physical details ill. ;
Dimensions 24 cm.
500 ## - GENERAL NOTE
General note Includes index.
650 #0 - SUBJECT ADDED ENTRY--TOPICAL TERM
Topical term or geographic name as entry element English language
General subdivision Rhetoric.
650 #0 - SUBJECT ADDED ENTRY--TOPICAL TERM
Topical term or geographic name as entry element Exposition (Rhetoric)
650 #0 - SUBJECT ADDED ENTRY--TOPICAL TERM
Topical term or geographic name as entry element Report writing.
700 1# - ADDED ENTRY--PERSONAL NAME
Personal name Shimkin, David.
700 1# - ADDED ENTRY--PERSONAL NAME
Personal name Lanner, Allen H.
942 ## - ADDED ENTRY ELEMENTS (KOHA)
Source of classification or shelving scheme Dewey Decimal Classification
Koha item type Books
Holdings
Source of classification or shelving scheme Damaged status Not for loan Home library Current library Shelving location Total Checkouts Full call number Barcode Date last seen Copy number Koha item type
Dewey Decimal Classification     JCC Rouf Library JCC Rouf Library General Stacks   808/.042 STA 1992 12529 03/13/2018 C - 1 Books

JCC Library | Contacts | JCC Home

Last Update on 23 September 2017
Copyright @ 2017-2020 JCC Rouf Library
Rouf Library, Jhenidah Cadet College (JCC), Bangladesh